000
00302nam a22001337a 4500
003
SGT
020
_a
99788189635510
082
_a
294,SIN
100
_a
SINGH, T.D.
245
_a
SCIENTIFIC EXPOLORATION FOR GOD
260
_a
KOLKATA
_b
BHAKTIVEDANTA INSTITUTE
_c
2018
300
_a
66
942
_2
ddc
_c
BK
999
_c
23406
_d
23406